A Magyar heraldikai és genealógiai társaság füzetei 1. szám

Bibliographic Details
Format: Book
Language:Hungarian
PhysicalDescription:80 strán erby 21 cm
Published: Budapest HERALDIKAKiadó 2004
ISBN:963920417X
Subjects:

MARC

LEADER 00000nam a2200000 4500
001 vtls012008922
003 SK-MaSNL
005 20260301230355.0
008 210906s2004 hu i fr 000 0 hun
015 |a SNBZSA2021/05 
020 |a 963920417X  |q (brožované) 
035 |a urn:nbn:sk:snk-am00fh3m 
035 |a urn:nbn:sk:snk-am3iuxj 
035 |a 35B67AFC-3B29-41D3-91A9-CF354F27EF5C 
040 |a SNK  |b slo  |c SNK  |e rda 
041 0 |a hun 
043 |a e-hu--- 
044 |a hu  |c HU 
072 7 |a 929.5/.9  |x Genealógia. Heraldika. Šľachta. Vlajky  |2 konspekt 
080 |a 929.5  |2 2011 
080 |a 929.6  |2 2011 
080 |a (439)  |2 2011 
080 |a (041)  |2 2011 
245 0 2 |a A Magyar heraldikai és genealógiai társaság füzetei  |n 1. szám 
264 1 |a Budapest  |b HERALDIKAKiadó  |c 2004 
300 |a 80 strán  |b erby  |c 21 cm 
336 |a text  |b txt  |2 rdacontent 
337 |a bez média  |b n  |2 rdamedia 
338 |a zväzok  |b nc  |2 rdacarrier 
610 2 7 |a Maďarská heraldická a genealogická spoločnosť  |2 SNKKA  |9 621110 
650 0 7 |a genealógia  |2 SNKPH  |9 4978 
650 0 7 |a genealogické výskumy  |2 SNKPH  |9 91135 
650 0 7 |a heraldika  |2 SNKPH  |9 3642 
650 0 7 |a Genealogy  |2 SNKPHeng  |9 266703 
650 0 7 |a Heraldry  |2 SNKPHeng  |9 324048 
651 7 |a Maďarsko  |2 SNKPHgeo  |9 16754 
651 7 |a Hungary  |2 SNKPHeng  |9 265263 
655 7 |a brožúry  |2 SNKPH  |9 70146 
655 7 |a Brochures  |2 SNKPHeng  |9 283327 
919 |a 963 9204 17 X 
958 |a ZS 
958 |a HU 
999 |c 954549  |d 956479 
952 |a SNK  |b SNK  |y PREZ  |7 0  |p 17A1443225  |o snkSC 191419/1  |i snk2020/22664  |8 1  |0 0  |1 0  |4 0  |d 2020-12-14  |f 1  |l 0  |r 2025-10-08 00:00:00  |w 2026-02-24